<?xml version="1.0" encoding="UTF-8"?><?xml-stylesheet type="text/xsl" href="static/style.xsl"?><OAI-PMH xmlns="http://www.openarchives.org/OAI/2.0/" xmlns:xsi="http://www.w3.org/2001/XMLSchema-instance" xsi:schemaLocation="http://www.openarchives.org/OAI/2.0/ http://www.openarchives.org/OAI/2.0/OAI-PMH.xsd"><responseDate>2026-06-06T04:18:03Z</responseDate><request verb="GetRecord" identifier="oai:riuma.uma.es:10630/27830" metadataPrefix="marc">https://riuma.uma.es/rest/oai/request</request><GetRecord><record><header><identifier>oai:riuma.uma.es:10630/27830</identifier><datestamp>2026-02-03T12:12:22Z</datestamp><setSpec>com_10630_2254</setSpec><setSpec>col_10630_37959</setSpec></header><metadata><record xmlns="http://www.loc.gov/MARC21/slim" xmlns:dcterms="http://purl.org/dc/terms/" xmlns:doc="http://www.lyncode.com/xoai" xmlns:xsi="http://www.w3.org/2001/XMLSchema-instance" xsi:schemaLocation="http://www.loc.gov/MARC21/slim http://www.loc.gov/standards/marcxml/schema/MARC21slim.xsd">
   <leader>00925njm 22002777a 4500</leader>
   <datafield ind2=" " ind1=" " tag="042">
      <subfield code="a">dc</subfield>
   </datafield>
   <datafield ind2=" " ind1=" " tag="720">
      <subfield code="a">Ibeas Corcelles, José Ignacio</subfield>
      <subfield code="e">author</subfield>
   </datafield>
   <datafield ind2=" " ind1=" " tag="260">
      <subfield code="c">2023</subfield>
   </datafield>
   <datafield ind2=" " ind1=" " tag="520">
      <subfield code="a">La elaboración de cerveza es considerado el proceso biotecnológico más antiguo, en el que se requiere la extracción y modificación de azúcares del grano de cereal por parte de enzimas naturales y la posterior transformación de estos azúcares en alcohol y otros componentes aromáticos por parte de la levadura. El hombre, a lo largo de más de 5000 años, ha diseñado los procesos para alcanzar estos propósitos sin conocimiento alguno de bioquímica, genética o biotecnología, únicamente con la experiencia y en los últimos 100 años se están empleando estas disciplinas de las ciencias para mejorar dichos procedimientos. La existencia de variedades de cereales más eficaces en la degradación del almidón, de equipos de transformación más productivos o de cepas de levaduras seleccionadas ha permitido afinar la eficacia de este proceso, dando lugar a cervezas económicamente más rentables, aunque no siempre de mejor calidad.</subfield>
   </datafield>
   <datafield ind1="8" ind2=" " tag="024">
      <subfield code="a">https://hdl.handle.net/10630/27830</subfield>
   </datafield>
   <datafield tag="653" ind2=" " ind1=" ">
      <subfield code="a">Cerveza - Fabricación</subfield>
   </datafield>
   <datafield ind2="0" ind1="0" tag="245">
      <subfield code="a">Elaboración de cervezas, del pasado al presente.</subfield>
   </datafield>
</record>
</metadata></record></GetRecord></OAI-PMH>